[Event "Barcelona Sant Marti op-B 18th"]
[Site "Barcelona"]
[Date "2016.07.20"]
[Round "8.58"]
[White "Demestres Lopez, Ricardo"]
[Black "De Figueiredo Coutinho, Rocco"]
[Result "1-0"]
[WhiteElo "1643"]
[BlackElo "1474"]
[PlyCount "44"]
[EventDate "2016.07.13"]
[EventType "swiss"]
[EventRounds "9"]
[EventCountry "ESP"]
[SourceTitle "EXT 2024"]
[Source "ChessBase"]
[SourceDate "2023.10.10"]
[SourceVersion "1"]
[SourceVersionDate "2023.10.10"]
[SourceQuality "1"]

1. e4 e5 2. Nf3 Nc6 3. d4 exd4 4. Nxd4 Nf6 5. Nxc6 bxc6 6. Bd3 d6 7. 0-0 Be7 8. Re1 0-0 9. Bg5 Re8 10. Nd2 Nd7 11. Bxe7 Rxe7 12. c4 Nc5 13. Bc2 Ne6 14. Nb3 c5 15. g3 f6 16. f4 Qe8 17. f5 Ng5 18. Qd5+ Kh8 19. Qxa8 Nf3+ 20. Kf2 Nxe1 21. Rxe1 h6 22. Qd5 Qh5 1-0

[Event "Barcelona Sant Marti op-B 18th"]
[Site "Barcelona"]
[Date "2016.07.17"]
[Round "5.20"]
[White "De Figueiredo Coutinho, Rocco"]
[Black "Ramos Alvarez, Maximo"]
[Result "0-1"]
[WhiteElo "1474"]
[BlackElo "1843"]
[PlyCount "96"]
[EventDate "2016.07.13"]
[EventType "swiss"]
[EventRounds "9"]
[EventCountry "ESP"]
[SourceTitle "EXT 2024"]
[Source "ChessBase"]
[SourceDate "2023.10.10"]
[SourceVersion "1"]
[SourceVersionDate "2023.10.10"]
[SourceQuality "1"]

1. e4 c5 2. Nf3 e6 3. d4 cxd4 4. Nxd4 Nf6 5. Nc3 Bb4 6. e5 Nd5 7. Bd2 Nxc3 8. bxc3 Be7 9. Bd3 Nc6 10. Qe2 Qa5 11. Bb5 a6 12. Bxc6 dxc6 13. 0-0 c5 14. Nb3 Qc7 15. Rad1 Bd7 16. Rfe1 Bc6 17. Bf4 g5 18. Bg3 h5 19. f3 Bd7 20. Kh1 0-0-0 21. Bf2 Rdg8 22. Nd2 g4 23. Ne4 gxf3 24. gxf3 Bb5 25. c4 Bd7 26. Nd6+ Bxd6 27. exd6 Qa5 28. Ra1 Bc6 29. Bg3 h4 30. Be5 Rh5 31. Bb2 Rf5 32. Rf1 h3 33. Rf2 Rfg5 34. a3 Qa4 35. Raf1 Rg4 36. Qd3 Kd7 37. Qh7 Qxc4 38. Qxf7+ Kxd6 39. Rd1+ Bd5 40. Rfd2 Rg2 41. Rxd5+ exd5 42. Qf6+ Kd7 43. Qf5+ Kc7 44. Be5+ Kb6 45. Rb1+ Ka5 46. Bc7+ Ka4 47. Qxh3 Qxc2 48. Rf1 Qf2 0-1